| 000 | 00678nam a2200205Ia 4500 | ||
|---|---|---|---|
| 003 | GCL | ||
| 008 | 140319s9999 xx 000 0 ara d | ||
| 040 |
_aGCL / _cGCL |
||
| 082 | 0 | 4 |
_a155.432 _bف ت |
| 100 | 1 | _aفيكتور سمير ندق | |
| 245 | 1 | 0 |
_aالتحليل النفسى للولد / _cفيكتور سمير ندق |
| 700 | 1 | _aفؤاد شاهين | |
| 260 |
_a[S.N] : _bالمؤسسة الحديثة للكتاب ، _c1985 |
||
| 300 | _a303 ص | ||
| 490 |
_aمؤسسة الدراسات الفلسطينية _v0 |
||
| 650 | 0 | 4 | _aعلم نفس الطفل |
| 650 | 0 | 4 | _aالطفل علم النفس |
| 650 | 0 | 4 | _aالطفل - اختبارات |
| 942 |
_2ddc _cBK |
||
| 999 |
_c32453 _d32453 |
||